000 00610nam a2200229Ia 4500
003 OSt
005 20221005123015.0
006 a|||||r|||| 00| 0
007 ta
008 221004b |||||||| |||| 00| 0 mal d
024 _a61796
037 _cTextual
040 _aCRL
_cCRL
_bmal
041 _2mal
_amal
082 _aY172:1.222, 32K1
100 _aWarrier Matasseri Madhava Au.
_9632980
245 0 _aKerala thile adimanivasikal
260 _c1961
650 _aSOCIOLOGY
942 _hY172:1.222, 32K1
_cTEXL
_2cc
999 _c1046102
_d1046102